Представление документа в формате MARC21

Поле Инд. ПП Название Значение
Тип записи a
Библиографический уровень b
001 Контрольный номер RU/IS/BASE/234711136
005 Дата корректировки 20200630193238.4
040 b Код языка каталог. rus
e Правила каталог. PSBO
041 0_ a Код языка текста rus
084 a Индекс другой классификации/Индекс ББК 83.3(2=411.2)5; 85.334.3(2=411.2)5
100 1_ a Автор Гаврильченко О. В.
245 10 a Заглавие К вопросу о состоянии театра и драмы в России первой четверти XIX в.
504 a Библиография Библиогр. - Примеч.: с. 126
650 04 a Основная рубрика драматический театр
a Основная рубрика искусство; история театра
a Основная рубрика история литературы
a Основная рубрика литературоведение
a Основная рубрика театр
a Основная рубрика филологические науки
653 0_ a Ключевые слова XIX век
a Ключевые слова драматургия
a Ключевые слова драмы
a Ключевые слова пьесы
a Ключевые слова репертуар
a Ключевые слова Россия
a Ключевые слова русская литература
773 0_ t Заглавие источника Вестник Московского университета. Серия 9, Филология
d Дата издания источника 2006
g Прочая информация № 6. - С. 120 - 126
w Контрольный № источника RU/IS/BASE/225296183
901 t Тип документа b